<?xml version="1.0" encoding="UTF-8"?><?xml-stylesheet type="text/xsl" href="static/style.xsl"?><OAI-PMH xmlns="http://www.openarchives.org/OAI/2.0/" xmlns:xsi="http://www.w3.org/2001/XMLSchema-instance" xsi:schemaLocation="http://www.openarchives.org/OAI/2.0/ http://www.openarchives.org/OAI/2.0/OAI-PMH.xsd"><responseDate>2026-04-29T06:15:43Z</responseDate><request verb="GetRecord" identifier="oai:repisalud.isciii.es:20.500.12105/6393" metadataPrefix="marc">https://repisalud.isciii.es/rest/oai/request</request><GetRecord><record><header><identifier>oai:repisalud.isciii.es:20.500.12105/6393</identifier><datestamp>2025-04-02T08:36:08Z</datestamp><setSpec>com_20.500.12105_2203</setSpec><setSpec>com_20.500.12105_2202</setSpec><setSpec>col_20.500.12105_19585</setSpec></header><metadata><record xmlns="http://www.loc.gov/MARC21/slim" xmlns:dcterms="http://purl.org/dc/terms/" xmlns:doc="http://www.lyncode.com/xoai" xmlns:xsi="http://www.w3.org/2001/XMLSchema-instance" xsi:schemaLocation="http://www.loc.gov/MARC21/slim http://www.loc.gov/standards/marcxml/schema/MARC21slim.xsd">
   <leader>00925njm 22002777a 4500</leader>
   <datafield ind2=" " ind1=" " tag="042">
      <subfield code="a">dc</subfield>
   </datafield>
   <datafield ind2=" " ind1=" " tag="720">
      <subfield code="a">Instituto de Salud Carlos III. Gabinete de prensa</subfield>
      <subfield code="e">author</subfield>
   </datafield>
   <datafield ind2=" " ind1=" " tag="260">
      <subfield code="c">2017-01-11</subfield>
   </datafield>
   <datafield ind2=" " ind1=" " tag="520">
      <subfield code="a">Nota de prensa sobre  un proyecto que utilizará Big Data para dibujar el mapa europeo de los tumores hematológicos. La Iniciativa de Medicamentos Innovadores (IMI) ha aprobado HARMONY, dotado con 40 millones de euros, que será coordinado por el Instituto de Investigación Biomédica de Salamanca (IBSAL), uno de los Institutos de Investigación Sanitaria acreditados por el ISCIII. Los hematólogos españoles Jesús María Hernández Rivas, del Servicio de Hematología del Hospital Universitario de Salamanca y Guillermo Sanz Santillana, del Hospital Universitario La Fe de Valencia, liderarán la investigación. El programa, de 5 años de duración, se llevará a cabo a través de un consorcio que reúne a 51 socios , entre los que se encuentran 7 empresas farmacéuticas de 11 países europeos</subfield>
   </datafield>
   <datafield ind1="8" ind2=" " tag="024">
      <subfield code="a">http://hdl.handle.net/20.500.12105/6393</subfield>
   </datafield>
   <datafield tag="653" ind2=" " ind1=" ">
      <subfield code="a">tumores hematológicos</subfield>
   </datafield>
   <datafield ind2="0" ind1="0" tag="245">
      <subfield code="a">Investigadores españoles liderarán un proyecto que utilizará Big Data para dibujar el mapa europeo de los tumores hematológicos</subfield>
   </datafield>
</record></metadata></record></GetRecord></OAI-PMH>